| 000 | 00481nam a2200169Ia 4500 | ||
|---|---|---|---|
| 008 | 260407s2026 xx 000 0 und d | ||
| 041 | _aeng | ||
| 082 |
_a615.321/TIW _b11436 |
||
| 100 | _aDR.VARSHA TIWARI | ||
| 245 | _aA PRACTICAL BOOK OF PHARAMACOGONOSY AND PHYTOCHEMISTRY | ||
| 250 | _a3RD | ||
| 260 |
_aPUNE _bNIRALI PRAKASHAN _c2026 |
||
| 300 | _a9.22p | ||
| 650 | _aPHARMACOGONOSY | ||
| 650 | _aPRACTICAL PHARAMACOGONOSY AND PHYTOCHEMISTRY | ||
| 700 | _aDR,SAMIM AHMAD | ||
| 999 |
_c1218928 _d1218928 |
||